000 01479cad a22002775a 4500
001 L142740
008 080305s2008 xxk f 000 0 eng d
020 _a9781842194041
035 _a(Sirsi) u150735
041 0 _aeng
050 0 4 _a306.1094 $2 18
100 1 _aBall, Michael
245 0 0 _aEuropean housing review 2008
_h[electronic resource]
260 _aLondon
_bRICS
_c2008
490 0 _aRICS European Housing Review
_v2008
520 _aReviews the performance of European housing markets in 2007, examining trends in house price inflation, building activity, mortgage markets, and turnover. Reveals a significant slowdown in house price growth across Europe, with falls in some countries (Germany and Ireland) and drops in activity from summer onwards, caused primarily by rising interest rates. Some house price falls are expected during 2008, although the downturn is unlikely to be as substantial as the downturn in the early 1990s. In the UK, interest rate cuts are likely to stabilise house prices in 2008.
521 2 _aAdvanced
590 _aKA
650 2 4 _aRICS EUROPEAN HOUSING REVIEW
651 4 _aEurope
690 _aPROPERTY-RESIDENTIAL PROPERTY-RESIDENTIAL PROPERTY MARKET
710 2 _aRoyal Institution of Chartered Surveyors
_bResearch
_94902
710 2 _aSavills
_92020
856 4 0 _uhttps://www.rics.org/site/download_feed.aspx?fileID=1318&fileExtension=PDF
_zView the report free of charge on the www.rics.org website.
942 _n0
999 _c110960
_d110960